[Event "Tokyo Summer op"]
[Site "Tokyo"]
[Date "2018.07.15"]
[Round "1"]
[White "Irie, Yuki"]
[Black "Endo, Haruto"]
[Result "1-0"]
[WhiteElo "2174"]
[BlackElo "1793"]
[PlyCount "60"]
[EventDate "2018.07.15"]
[EventType "swiss"]
[EventRounds "6"]
[EventCountry "JPN"]
[SourceTitle "EXT 2019"]
[Source "ChessBase"]
[SourceDate "2018.10.10"]
[SourceVersion "1"]
[SourceVersionDate "2018.10.10"]
[SourceQuality "1"]

1. e4 c5 2. b3 Nc6 3. Bb2 d6 4. f4 e6 5. Nf3 Nf6 6. Bd3 Qb6 7. Na3 Be7 8. Nc4 Qc7 9. Nxd6+ Qxd6 10. e5 Qd8 11. exf6 Bxf6 12. Ne5 Qd5 13. Qe2 Nd4 14. Qe3 Qxg2 15. 0-0-0 Qd5 16. c3 Nc6 17. Be4 Qd6 18. Nxc6 bxc6 19. Ba3 Bd7 20. Bxc5 Qc7 21. Rhg1 Qa5 22. a4 Rb8 23. Bc2 Rb7 24. Rg3 g6 25. Rf1 h5 26. f5 h4 27. Rgf3 Rh5 28. b4 Qd8 29. fxe6 Re5 30. exf7+ Kxf7 1-0

[Event "WMSG Rapid Team 1st"]
[Site "Beijing"]
[Date "2008.10.15"]
[Round "5"]
[White "Irie, Yuki"]
[Black "Al Ali, Hussein Ali Hussein"]
[Result "0-1"]
[WhiteElo "2021"]
[BlackElo "2354"]
[PlyCount "120"]
[EventDate "2008.10.14"]
[EventType "team (rapid)"]
[EventRounds "9"]
[EventCountry "CHN"]
[SourceTitle "CBM 126 Extra"]
[Source "ChessBase"]
[SourceDate "2008.11.05"]
[SourceVersion "1"]
[SourceVersionDate "2008.11.05"]
[SourceQuality "1"]

1. e4 e6 2. d4 d5 3. Nd2 a6 4. c3 c5 5. Ngf3 cxd4 6. Nxd4 dxe4 7. Nxe4 e5 8. Nf3 Qxd1+ 9. Kxd1 Nc6 10. Bc4 f6 11. Be3 Bf5 12. Nfd2 0-0-0 13. Ke2 Kc7 14. f3 Nge7 15. Rhd1 Nd5 16. Bxd5 Rxd5 17. Nc4 Bxe4 18. fxe4 Rxd1 19. Rxd1 Be7 20. Bb6+ Kc8 21. b4 Rf8 22. a4 Nb8 23. Be3 Nd7 24. Rd5 Kc7 25. a5 Kc6 26. g4 Rd8 27. Bb6 Nxb6 28. Nxb6 Kc7 29. Kd3 g6 30. c4 Bxb4 31. Rxd8 Kxd8 32. Nd5 Bxa5 33. Nxf6 h6 34. Ng8 h5 35. gxh5 gxh5 36. Nf6 h4 37. Ng4 Bc7 38. Ne3 Kd7 39. Nf5 Bd8 40. h3 b6 41. Kc3 Bf6 42. Kb4 Kc6 43. Ne3 Bg5 44. Nd5 Bd2+ 45. Kb3 Kc5 46. Kc2 Be1 47. Kd3 a5 48. Ne3 a4 49. Nc2 Bf2 50. Kc3 Bd4+ 51. Kd3 Bb2 52. Ne1 a3 53. Kc2 Kxc4 54. Nd3 Bd4 55. Nc1 b5 56. Na2 b4 57. Nc1 a2 58. Nxa2 b3+ 59. Kb1 bxa2+ 60. Kxa2 Kd3 0-1

[Event "WMSG Blitz Team 1st"]
[Site "Beijing"]
[Date "2008.10.13"]
[Round "8"]
[White "Fesalbon, Rolando"]
[Black "Irie, Yuki"]
[Result "0-1"]
[WhiteElo "2061"]
[BlackElo "2021"]
[PlyCount "66"]
[EventDate "2008.10.13"]
[EventType "tourn (blitz)"]
[EventRounds "11"]
[EventCountry "CHN"]
[SourceTitle "CBM 126 Extra"]
[Source "ChessBase"]
[SourceDate "2008.11.05"]
[SourceVersion "1"]
[SourceVersionDate "2008.11.05"]
[SourceQuality "1"]

1. Nf3 Nf6 2. d4 d5 3. c4 c6 4. Nc3 dxc4 5. a4 Bf5 6. e3 e6 7. Bxc4 Bb4 8. Bd2 0-0 9. 0-0 Nbd7 10. Nh4 Bg6 11. Nxg6 hxg6 12. Bd3 e5 13. f3 exd4 14. exd4 Bd6 15. Ne4 Bc7 16. Be1 Nb6 17. Bf2 Nbd5 18. Bc4 Re8 19. Re1 Nh5 20. Nc3 Qd6 21. g3 Nb6 22. Bf1 Qb4 23. Rb1 Nf6 24. Kg2 Rad8 25. Na2 Rxe1 26. Nxb4 Rxd1 27. Rxd1 c5 28. dxc5 Rxd1 29. cxb6 Bxb6 30. Bxb6 axb6 31. Nd3 Rd2+ 32. Kh3 Nd5 33. b3 Ne3 0-1

[Event "WMSG Blitz Team 1st"]
[Site "Beijing"]
[Date "2008.10.13"]
[Round "11"]
[White "Irie, Yuki"]
[Black "Goldenberg, Igor"]
[Result "0-1"]
[WhiteElo "2021"]
[BlackElo "2393"]
[PlyCount "68"]
[EventDate "2008.10.13"]
[EventType "tourn (blitz)"]
[EventRounds "11"]
[EventCountry "CHN"]
[SourceTitle "CBM 126 Extra"]
[Source "ChessBase"]
[SourceDate "2008.11.05"]
[SourceVersion "1"]
[SourceVersionDate "2008.11.05"]
[SourceQuality "1"]

1. d4 d5 2. c4 c6 3. Nf3 Nf6 4. Nc3 dxc4 5. a4 Bf5 6. e3 e6 7. Bxc4 Bb4 8. 0-0 Nbd7 9. Qe2 Bg6 10. Rd1 0-0 11. Bd3 Bxd3 12. Rxd3 Qe7 13. e4 e5 14. Na2 Ba5 15. Bg5 h6 16. Bh4 Rfe8 17. d5 Nc5 18. Re3 Bc7 19. Nc3 g5 20. Bg3 Ng4 21. b4 Nb3 22. Rb1 Nxe3 23. Rxb3 Ng4 24. Nd2 Nf6 25. dxc6 bxc6 26. Nc4 Rab8 27. b5 cxb5 28. axb5 Qe6 29. h4 Rec8 30. hxg5 hxg5 31. Ne3 Bb6 32. Ncd5 Nxd5 33. Nxd5 Rc1+ 34. Kh2 Qh6+ 0-1

[Event "WMSG Blitz Team 1st"]
[Site "Beijing"]
[Date "2008.10.13"]
[Round "7"]
[White "Irie, Yuki"]
[Black "Livshits, Gaby"]
[Result "0-1"]
[WhiteElo "2021"]
[BlackElo "2427"]
[PlyCount "68"]
[EventDate "2008.10.13"]
[EventType "tourn (blitz)"]
[EventRounds "11"]
[EventCountry "CHN"]
[SourceTitle "CBM 126 Extra"]
[Source "ChessBase"]
[SourceDate "2008.11.05"]
[SourceVersion "1"]
[SourceVersionDate "2008.11.05"]
[SourceQuality "1"]

1. d4 Nf6 2. c4 g6 3. Nc3 d5 4. Nf3 Bg7 5. Bf4 0-0 6. e3 c5 7. Be2 cxd4 8. exd4 Nc6 9. 0-0 Bg4 10. h3 Bxf3 11. Bxf3 dxc4 12. Bxc6 bxc6 13. Be5 Nd5 14. Qe2 Nxc3 15. bxc3 Bxe5 16. Qxe5 e6 17. Rab1 Rb8 18. Qc5 Qd5 19. Qxa7 Ra8 20. Qe7 Rxa2 21. Rb7 Rc2 22. Qb4 h5 23. Ra7 Qb5 24. Qa3 Qb3 25. Qc5 Qxc3 26. Rd7 Rc1 27. Rxc1 Qxc1+ 28. Kh2 Rc8 29. g3 c3 30. Kg2 Qd2 31. Qe7 Rf8 32. Rd8 Rxd8 33. Qxd8+ Kg7 34. Qa5 Qxd4 0-1